[Event "Albert m"]
[Site "Albert"]
[Date "2002.10.12"]
[Round "5"]
[White "Gelfand, Boris"]
[Black "Bacrot, Etienne"]
[Result "1/2-1/2"]
[WhiteElo "2704"]
[BlackElo "2653"]
[Annotator "Gelfand,B"]
[PlyCount "85"]
[EventDate "2002.10.08"]
[EventType "match"]
[EventRounds "6"]
[EventCountry "FRA"]
[SourceTitle "CBM 092"]
[Source "ChessBase"]
[SourceDate "2003.02.06"]
[SourceVersion "1"]
[SourceVersionDate "2003.02.06"]
[SourceQuality "1"]

1. d4 {Huebner,R.} d5 2. c4 c6 3. Nc3 Nf6 4. Nf3 a6 5. Qc2 $2 dxc4 6. e4 b5 7.
a4 e6 $3 $146 {Huebner,R: 'Der Textzug sieht bescheidener aus als 7...Lb7,
denn Schwarz gibt den Gambitbauern wieder her. Er beabsichtigt jedoch ein
aussichtsreiches Qualitätsopfer; es wird wohl niemanden verlocken, dieses
Abspiel mit Weiß nochmals zu versuchen.'} ({Die folgende Partie findet sich in
derselben Ausgabe (CBM 92) und ist dort kommentiert:} 7... Bb7 {Huebner,R} 8.
e5 Nd5 9. e6 fxe6 10. Ne4 e5 11. Nc5 Bc8 12. Be2 exd4 13. Nxd4 Qd6 14. Ne4 Qe5
15. Nf3 Qf5 16. O-O e5 17. axb5 cxb5 18. Nh4 Nb4 19. Qb1 Qe6 20. Ng5 Qf6 21.
Nxh7 Qxh4 22. Qg6+ Kd7 23. Bg5 Qxh7 24. Rfd1+ Nd3 25. Rxd3+ cxd3 26. Bg4+ Kc7
27. Rc1+ {1-0 Bareev,E-Georgiev,K/Halkidiki 2002/CBM 92 no vc (27).}) 8. axb5
$2 (8. Bg5 $142) 8... cxb5 9. e5 (9. Nxb5 {Huebner,R} axb5 10. Rxa8 Bb7 {
ist auch in keiner Weise verlockend für Weiß.}) 9... Nd5 10. Nxb5 axb5 $1 {
Huebner,R: 'Andere Fortsetzungen sind schwächer, zum Beispiel'} (10... Bb7 {
Huebner,R} 11. Na3 Nb4 12. Qc3 Bxf3 13. Qxf3 N8c6 14. Be3 Rc8 (14... Qa5 {
Huebner,R} 15. Bxc4 {Schwarz verfügt über kein wirksames Abzugsschach.}) 15.
Bxc4 Nxd4 16. Qe4 (16. Bxd4 {Huebner,R} Qxd4 17. O-O Bc5 {führt zu einer
ausgeglichenen Stellung.}) 16... Rxc4 17. Nxc4 Nbc2+ 18. Kd1 Nxa1 19. Qxd4 {
mit Vorteil für Weiß.}) 11. Rxa8 Bb7 $17 12. Ra7 {'?' Huebner,R.} (12. Bg5 Bb4+
13. Nd2 f6 14. Ra7 Qb6 15. Rxb7 Qxb7 16. exf6 gxf6 $17) (12. Ra1 Nb4 13. Qb1
Bxf3 14. gxf3 Qxd4 15. Ra8 Qxe5+ 16. Qe4 Qc7 17. Be3 (17. Bf4 Bd6) 17... Nd5
$19) ({Die besten Überlebensaussichten bietet} 12. Rxb8 {Huebner,R} Qxb8 13.
Be2 {, obwohl Schwarz natürlich einen schönen Vorteil hat.}) 12... Nb4 (12...
Qb6 13. Rxb7 Bb4+ (13... Qxb7 14. Be2) 14. Ke2 Qxb7 15. g3 $132) 13. Qd1 Be4 $1
(13... Bxf3 14. gxf3 (14. Qxf3 Nc2+ 15. Kd1 (15. Kd2 Qxd4+ 16. Kxc2 Qxa7) 15...
Qxd4+ 16. Bd3 Qxa7 17. Bxc2 Bc5 $17 (17... Qd4+ 18. Ke2 Qxe5+ 19. Kf1 $15))
14... N8c6 15. Rb7 $1 (15. Ra3 Nxd4 16. Rc3 Qd5) 15... Nxd4 (15... Qa8 16. Rxb5
Nxd4 17. Bxc4) 16. Bxc4 bxc4 17. Qa4+ Nbc6 18. Be3 Qc8 (18... Nxf3+ 19. Ke2
Nfxe5 20. Rd1) 19. Rb6 Bc5 $17) 14. Be2 N8c6 15. Rxf7 $5 (15. Rb7 $142 Nxd4 16.
Nxd4 Bxb7 17. O-O $17) 15... Kxf7 $2 (15... Bc2 $1 16. Rxf8+ Rxf8 17. Qd2 Nd3+
18. Bxd3 (18. Kf1 Nxd4 $19) 18... Bxd3 19. Qg5 Qa5+ $19) 16. Ng5+ Ke8 {'?!'
Huebner,R.} ({Besser ist} 16... Kg8 {Huebner,R} 17. Nxe4 Nxd4 18. O-O Qd5 19.
Ng5 Qxe5 {mit einigem Vorteil für Schwarz.}) 17. Nxe4 Qxd4 (17... Nxd4 {
(Huebner,R) kann jetzt unangenehm mit} 18. Bh5+ {beantwortet werden.}) (17...
Qd5 {Huebner,R} 18. Ng5 Nxd4 19. O-O Qxe5 20. Re1 {ist ebenfalls riskant für
Schwarz.}) 18. Nc3 (18. Ng5 Qxd1+ 19. Kxd1 Nxe5 (19... Nd4 20. Be3 Nbc2 21.
Bxd4 Nxd4 22. Bg4 $11) 20. Nxe6 Kd7 $1 21. Nxf8+ (21. Nd4 Bc5 22. Nxb5 Kc6 23.
Nc3 Rd8+ 24. Bd2 Bxf2 $17) 21... Rxf8 22. Be3 Ned3 23. Bxd3 Nxd3 24. Kc2 Ra8
$17) (18. Qxd4 {(Huebner,R) ist ebenfalls gut genug:} Nxd4 19. Bd2 Be7 20. Bc3
{führt zu einer etwa ausgeglichenen Stellung.}) 18... Bc5 (18... Qxd1+ $5 19.
Kxd1 Nd4 (19... Nxe5 {Huebner,R} 20. Nxb5 Ned3 21. Bxd3 Nxd3 22. Ke2 Bc5 23.
Be3 Bxe3 24. Kxe3 Nxb2 25. Rb1 Nd3 26. Nd6+ {usw.}) 20. Be3 Nbc6 (20... Nbc2
21. Bd2) 21. f4 Bb4 $36) (18... Nxe5 {(Huebner,R) bringt nichts ein:} 19. O-O
Qxd1 20. Rxd1 Bc5 21. Nxb5 Nbd3 22. Be3 Bxe3 23. fxe3 Nxb2 24. Rd2 Nbd3 25.
Nd6+ Ke7 26. Nxc4 $11) 19. O-O Rf8 20. Nxb5 {'?!' Huebner,R.} (20. Be3 $5 Qxe5
(20... Qxd1 21. Rxd1 Bxe3 22. fxe3 Nxe5 23. Nxb5 $11) 21. Bxc5 (21. Nxb5 Bxe3
22. Nd6+ Ke7 23. Nxc4 Bxf2+ 24. Rxf2 Qc5 25. Qf1 $17 e5 (25... Nd4 {(Huebner,R)
scheitert an} 26. Rxf8 Nxe2+ 27. Kh1 Qxc4 28. Qf7+ (28. Rf2 {(Huebner,R) wird
mit} Qc1 {abgewehrt.}) 28... Kd6 29. Rd8+ Ke5 30. Qxg7+ {, und Weiß gewinnt.})
26. b3 (26. g3 {Huebner,R} Nd4 27. Rxf8 Nxe2+ 28. Kg2 Qxc4 {birgt nun große
Risiken für Weiß.}) 26... Qd4 27. g3 Nc2 28. Kg2 Rxf2+ 29. Qxf2 Qe4+ 30. Kh3 {
Weiß überlebt.}) 21... Qxc5 22. b3 (22. Qb1 $5 Qf5 23. Qd1 {Bacrot,E}) 22...
cxb3 (22... Qe5 23. Qd2 cxb3 24. Nxb5 $132) 23. Qxb3 Nd4 24. Bxb5+ Ke7 25. Qb2
$1 Nxb5 26. Nxb5 Qxb5 27. Rb1 $1 $15) 20... Qxd1 21. Rxd1 {'?' Huebner,R.} (21.
Bxd1 Nd3 22. Nd6+ (22. Be3 Bxe3 23. fxe3 Rxf1+ 24. Kxf1 Nxb2 25. Bc2 Nxe5 26.
Ke2 Ke7 27. Kd2 {immerhin noch gute Rettungsaussichten.}) 22... Bxd6 23. exd6
Nxc1 $17) 21... Rxf2 22. Nd6+ Ke7 (22... Kf8 $142 23. Ne4 (23. Rf1 {(Huebner,R)
ist unzureichend:} Rf3+ 24. Kh1 Rxf1+ 25. Bxf1 Nd3 26. Bxd3 (26. Ne4 {Huebner,R
} Bd4 {kommt auf dasselbe hinaus.}) 26... cxd3 27. Ne4 Bd4 {mit Gewinnstellung
für Schwarz.}) 23... Rxe2+ 24. Nxc5 Ke7 $1 25. Bg5+ (25. Rd7+ {Huebner,R} Ke8
26. Bf4 (26. Bd2 {Huebner,R} Rxe5) 26... Na6 (26... Nxe5 {Huebner,R} 27. Rd2
Rxd2 28. Bxd2 Nbd3 29. Nxe6 Kf7 30. Ng5+ Kg6 31. Ne6 Nxb2 32. Bc3 Nbd3 33. Nf8+
Kf5 34. Nxh7 {kann Weiß vermutlich überleben.}) 27. Rd6 Nxc5 28. Rxc6 Re1+ 29.
Kf2 Nd3+ 30. Kg3 Re4 31. Bd2 Kd7 32. Rb6 Rxe5 33. Rb7+ Kd6 34. Rxg7 Rb5 {
mit Gewinnaussichten für Schwarz.}) 25... Kf7 26. Rf1+ (26. Bf4 {Huebner,R}
Rxb2 27. Rd7+ Ke8 28. Rxg7 Nd3 29. Nxd3 cxd3 30. Kf1 Nxe5) 26... Kg6 27. Bc1
Rxe5 28. Nd7 Re4 $1 $15 (28... Re2 $4 29. g4) (28... Rf5 29. Nf8+ Kf7 30. Nxh7
Nd3 $15)) 23. Bg5+ Kf8 24. Rf1 {Huebner,R: 'Das ist nun sicherer als'} (24. Ne4
{Huebner,R} Rxe2+ 25. Nxc5 Nxe5 {, und Schwarz behält eine gefährliche
Initiative.}) 24... Rf6+ 25. Kh1 Rxf1+ 26. Bxf1 Nd3 27. Bh4 $1 {Huebner,R:
'Das ist der Unterschied: Weiß braucht nun nicht auf d3 zu schlagen.'} (27. g3
h6) 27... Nxb2 28. Nxc4 $11 Bd4 29. Nxb2 (29. Bg3 Nxc4 30. Bxc4 Kf7 31. Bd3 (
31. Bb3 Bxe5 32. Ba4) 31... Bxe5 32. Be4) 29... Bxb2 {Huebner,R: 'Jetzt ist
der Mehrbauer des Schwarzen bedeutungslos.'} 30. Be1 Kf7 31. g3 Nxe5 32. Kg2
Kf6 33. Ba5 Bd4 34. Bd8+ Kf7 35. Bc7 Ng4 36. Be2 Nf6 37. Kf3 h6 38. Ba5 Nd5 39.
Bd2 Ke7 40. Bf4 Nf6 41. Bc1 Kd6 42. Bd3 e5 43. Bb1 1/2-1/2

[Event "Albert m"]
[Site "Albert"]
[Date "2002.10.10"]
[Round "3"]
[White "Gelfand, Boris"]
[Black "Bacrot, Etienne"]
[Result "1/2-1/2"]
[WhiteElo "2704"]
[BlackElo "2653"]
[Annotator "Gelfand,B"]
[PlyCount "57"]
[EventDate "2002.10.08"]
[EventType "match"]
[EventRounds "6"]
[EventCountry "FRA"]
[SourceTitle "CBM 092"]
[Source "ChessBase"]
[SourceDate "2003.02.06"]
[SourceVersion "1"]
[SourceVersionDate "2003.02.06"]
[SourceQuality "1"]

1. d4 d5 2. c4 c6 3. Nc3 Nf6 4. Nf3 a6 5. a4 e6 6. Bg5 a5 7. e3 Be7 8. Rc1 $1
$146 (8. Be2 O-O 9. O-O Na6 10. Ne5 Nb4 11. Qb3 Nd7 12. Bxe7 Qxe7 13. Nd3 dxc4
14. Qxc4 e5 15. Nxb4 Qxb4 16. Rfd1 exd4 17. Rxd4 Qxb2 18. Rb1 Qa3 19. Ne4 Qe7
20. Nd6 Nf6 21. Qc5 Nd7 22. Qc3 Nf6 $11 {Kramnik,V-Bacrot,E/Paris (m/1-rapid)
85/(336) 2002 (22)}) 8... Na6 9. Be2 O-O 10. O-O Nb4 11. Qb3 $1 h6 (11... b6 $5
) 12. Bh4 (12. Bf4 b6) 12... b6 13. cxd5 cxd5 (13... Nfxd5 14. Bg3 $5) (13...
exd5 14. Na2 $1 $14) 14. Ne5 Nd7 15. Bxe7 Qxe7 16. Nd3 Ba6 (16... Nf6 $142 $5)
17. Nxb4 Qxb4 (17... axb4 18. Nb5 $16) 18. Qxb4 axb4 19. Nb5 Rfc8 20. Rxc8+
Rxc8 21. Nd6 (21. Na7 Rc7 22. Bxa6 Rxa7 23. Bb5 Rc7 24. Bxd7 Rxd7 25. Rc1 Ra7
26. b3 Kf8 27. Kf1 Ke7 28. Rc6 Rb7 $14) 21... Rc6 $6 (21... Ra8 $142 $1 22.
Bxa6 Rxa6 23. b3 b5 $1 24. Nxb5 Rc6 $132) (21... Bxe2 22. Nxc8 Bxf1 23. Kxf1
Kf8 24. Ke2 Ke8 25. Kd3 (25. e4 Kd8 26. Nd6 Ke7) 25... Kd8 (25... f6 26. Kc2 (
26. e4 $5) 26... Kd8 27. Na7 Nb8 28. Kb3 Na6 29. a5) 26. Na7 $1 (26. Nd6 Ke7
27. Nb7 Nf6) 26... Nb8 27. Kc2 Kc7 28. Kb3 Na6 29. a5 $1 bxa5 30. Ka4 Kb7 31.
Nb5 Kb6 32. Nd6 $18) 22. Bxa6 Rxd6 23. Rc1 f5 24. Kf1 (24. Bb5 Nf6 25. Kf1 g5
26. Rc7 g4 $16) 24... e5 25. Bc8 $2 (25. dxe5 Nxe5 26. Rd1 Kf7 27. Bb5 $18)
25... exd4 26. Bxd7 $2 (26. exd4 Nb8 27. Bxf5 Nc6 28. Rd1 Na5 $16) 26... Rxd7
27. exd4 b3 $1 $11 28. Rc3 (28. Rc8+ Kf7 29. Ke2 Ra7 30. Rd8 Rxa4 31. Rxd5 Ra2
32. Rxf5+ Kg6 33. Rb5 Rxb2+ 34. Kf3 Rb1 $11) 28... Ra7 29. Rxb3 1/2-1/2

[Event "Rubinstein Memorial 37th"]
[Site "Polanica Zdroj"]
[Date "2000.08.21"]
[Round "5"]
[White "Gelfand, Boris"]
[Black "Movsesian, Sergei"]
[Result "1-0"]
[WhiteElo "2681"]
[BlackElo "2666"]
[Annotator "Gelfand,B"]
[PlyCount "57"]
[EventDate "2000.08.17"]
[EventType "tourn"]
[EventRounds "9"]
[EventCountry "POL"]
[EventCategory "17"]
[SourceTitle "CBM 079"]
[Source "ChessBase"]
[SourceDate "2000.11.21"]
[SourceVersion "1"]
[SourceVersionDate "2000.11.21"]
[SourceQuality "1"]

1. d4 {Huebner,R.} Nf6 2. c4 c6 3. Nc3 d5 4. Nf3 a6 5. c5 Nbd7 6. Bf4 Nh5 7. e3
g6 8. Bd3 Bg7 9. O-O f6 {Huebner,R: 'In "Schach" 10/2000, S.32, wird dies als
der entscheidende Fehler der Partie bezeichnet, indem es der einzige ist, der
mit einem Fragezeichen verziert wird. Selten pflegen sich aber beim
Schachspielen die Dinge so schnell zu entwickeln. Indessen gefällt mir ein
plausibler Zug wie'} (9... Nxf4 10. exf4 b6 11. cxb6 Nxb6 12. Na4 $14 {Dreev})
(9... O-O 10. Bg5 $14) (9... O-O {Huebner,R}) ({oder} 9... b6 {(Huebner,R)
natürlich besser.}) 10. h3 $1 (10. Bg3 e5) 10... Nxf4 $6 (10... e5 11. Bh2 e4 {
Huebner,R: 'hat Weiß zwei vielversprechende Fortsetzungen:'} 12. Bxe4 (12. g4 {
Huebner,R} exd3 13. Qxd3 {mit offensichtlichem Vorteil für Weiß.}) 12... dxe4
13. Nxe4 O-O (13... Bf8 14. Qb3 Ng7 15. Rad1 {; dies ist schärfer, aber auch
riskanter.}) 14. Nd6 $1 (14. g4 f5) 14... f5 15. Qb3+ Kh8 16. Nf7+ Rxf7 17.
Qxf7 Qg8 18. Ng5 (18. Qxg8+ Kxg8 19. Nd2) 18... Qxf7 19. Nxf7+ Kg8 20. Nd6 Nhf6
$14 {Dreev,A}) 11. exf4 e5 {'?!' Huebner,R.} (11... Qc7 12. f5 $1 Nf8 13. Re1
$1 gxf5 14. Nh4 $16 {Dreev,A}) (11... b6 {Huebner,R} 12. b4 a5 13. b5 {ist
unbequem für Schwarz.}) (11... O-O {Huebner,R} 12. f5 gxf5 13. Bxf5 e5 (13...
Ne5 14. Bxh7+ Kxh7 15. dxe5 fxe5 16. Nxe5 Rf5 17. f4 {ist ungesund für Schwarz.
}) 14. Nh4 {führt ebenfalls zu deutlichem Vorteil für Weiß.}) (11... e6 {
Huebner,R} 12. Re1 Kf7 {mit Versteifung war daher angesagt.}) 12. f5 $1 {
Huebner,R: 'Andere Fortsetzungen dürften kaum Aussicht auf Vorteil bieten.'} (
12. fxe5 fxe5 13. Nxe5 Bxe5 14. dxe5 O-O $132) 12... e4 $2 {Huebner,R: 'Dies
halte ich für den entscheidenden Fehler.'} (12... O-O 13. fxg6 e4 14. gxh7+
Kxh7 15. Bxe4+ dxe4 16. Nxe4 $16) (12... g5 13. Re1 O-O 14. b4 $16 (14. Bc2 a5
$5) 14... e4 15. Bxe4 dxe4 16. Qb3+ Kh8 17. Nxe4) ({Nur} 12... exd4 {(Huebner,
R) bot Aussichten auf Widerstand:} 13. Na4 (13. Nxd4 Nxc5 14. fxg6 Nxd3 15.
Qxd3 O-O {ist keineswegs klar.}) (13. Re1+ Ne5 14. Nxd4 O-O 15. f4 Nxd3 16.
Qxd3 Bxf5 17. Nxf5 gxf5 18. Qxf5 Qa5 {ist auch nicht überzeugend.}) 13... Ne5
14. fxg6 hxg6 15. Nb6 Rb8 16. Nxe5 fxe5 17. Bxg6+ Kf8 {. Die Lage ist
keineswegs klar.}) 13. Bxe4 dxe4 14. Nxe4 $18 O-O (14... Bf8 15. Re1 Kf7 (15...
Be7 {Huebner,R} 16. d5 cxd5 (16... gxf5 17. d6 fxe4 18. Rxe4 {führt zu einer
für Schwarz hoffnungslosen Stellung.}) 17. Qxd5 Kf8 18. Rad1 {sieht
aussichtslos für Schwarz aus.}) 16. Qb3+ Kg7 17. Nd6 Bxd6 18. cxd6 Re8 19. Rxe8
Qxe8 20. Re1) 15. Qb3+ Kh8 16. Nd6 Bh6 17. Rfe1 {Huebner,R: 'Weiß hat keine
Eile mit dem Rückgewinn von Material; er verdoppelt in aller Ruhe seine Türme
auf der e-Linie.'} (17. Nf7+ {Huebner,R} Rxf7 18. Qxf7 Qg8 {hätte dem
Schwarzen erlaubt, Widerstand zu leisten.}) 17... Kg7 (17... b6 18. fxg6 hxg6
19. Qf7 $1 $18 (19. Nf7+ Rxf7 20. Qxf7 Qg8 21. Re8 Bf8 22. Qxg8+ Kxg8)) 18. Re4
Nxc5 19. dxc5 gxf5 20. Re8 (20. Rd4 Qc7 21. Rad1) 20... Qxe8 (20... Rxe8 21.
Qf7+ Kh8 22. Nxe8 Be6 23. Qxe6 Qxe8 24. Qxf6+ Bg7 25. Qxf5) 21. Nxe8+ Rxe8 22.
g3 $1 a5 23. Re1 Rxe1+ 24. Nxe1 a4 25. Qb6 Bd2 26. Qc7+ Kg6 27. Nf3 Bc1 28.
Nh4+ Kh6 29. Qf7 1-0

[Event "Astana"]
[Site "Astana"]
[Date "2001.05.24"]
[Round "4"]
[White "Gelfand, Boris"]
[Black "Morozevich, Alexander"]
[Result "1-0"]
[WhiteElo "2712"]
[BlackElo "2749"]
[Annotator "Gelfand,B"]
[PlyCount "71"]
[EventDate "2001.05.20"]
[EventType "tourn"]
[EventRounds "10"]
[EventCountry "KAZ"]
[EventCategory "20"]
[SourceTitle "CBM 084"]
[Source "ChessBase"]
[SourceDate "2001.09.13"]
[SourceVersion "1"]
[SourceVersionDate "2001.09.13"]
[SourceQuality "1"]

1. d4 d5 2. c4 c6 3. Nc3 Nf6 4. Nf3 a6 5. a4 Bf5 6. Qb3 Ra7 7. a5 (7. Bf4) 7...
e6 $2 (7... dxc4 8. Qxc4 $14) 8. Qb6 $1 Qxb6 9. axb6 Ra8 10. c5 Nbd7 11. e3 (
11. b4 {Huebner,R} Be7 12. e3 O-O 13. Bb2 Bg4 $6 (13... Ne4 {Huebner}) 14. Nd2
e5 15. f3 exd4 16. exd4 Rfe8 17. Be2 Bf5 18. g4 (18. Nb3 {(Huebner,R) ist
genauer.}) 18... Bg6 (18... Bc2 {Huebner,R} 19. Rc1 Bg6) 19. Nb3 Nf8 20. Na5
Ne6 21. Rd1 Rab8 22. O-O {1-0 Gyimesi,Z-Magomedov,M/Koszalin 1999/CBM 73/
[Huebner,R] (32)}) (11. Bf4 Ne4 12. e3 Ndxc5 $1 13. dxc5 Bxc5 14. Nxe4 (14. Na4
Bb4+ 15. Ke2 O-O 16. Nh4 g5 $13) 14... Bxe4 15. Bc7 Bxf3 $1 16. gxf3 Kd7 17.
Rg1 g6 18. Rg4 Bd6 19. Bxd6 Kxd6 $14) 11... Be7 12. Be2 O-O 13. Nd2 $1 (13. O-O
Bg4 $1 14. Nd2 Bxe2 15. Nxe2 Nxc5 16. dxc5 Bxc5 $14) 13... e5 (13... a5 $5 14.
Nb3 (14. O-O Bc2 15. b3 (15. f4 Nxc5 16. dxc5 Bxc5 17. Nf3 Bxb6 $44) 15... e5
16. Ra2 Bf5 17. Bb2 (17. Ba3 Rfe8 18. Rfa1 exd4 19. exd4 Nf8 20. Bb2 Ne6) 17...
Rfe8 18. Rfa1 (18. dxe5 Ne4 19. Ncxe4 Bxe4 20. Nxe4 dxe4 21. Rd1 Nxc5) 18...
exd4 19. exd4 Bxc5 (19... Nxc5 20. dxc5 Bxc5 21. Na4 Rxe2 22. Nxc5 Rxd2 23.
Nxb7 (23. Bxf6 Rxa2 24. Rxa2 gxf6 25. Nxb7 (25. f3 $16) 25... Rb8 26. Nd6 Bd3
27. b7 Ba6 28. Rxa5 Bxb7 29. f4 d4 30. Kf2 (30. Ra7 d3 31. Kf2 Rd8) 30... d3
31. Ke1) 23... Rb8 (23... Nd7 24. Nd6 $16) 24. Nd6 Rxb6 25. Bxf6 Rxa2 26. Rxa2
$16) 20. dxc5 d4 21. Bf1 (21. Na4 Rxe2 22. Bxd4 Nd5 23. Nc3 Nxc3 24. Bxc3 Bd3
25. Bd4 $14) 21... dxc3 22. Bxc3 Nd5 (22... Nxc5 23. Rxa5 (23. Bxf6 gxf6 24.
Rxa5 Rxa5 25. Rxa5 Ne4 26. Nc4) 23... Rxa5 24. Rxa5 $14) 23. Bd4 $14) 14... Bc2
(14... a4 15. Rxa4 Rxa4 16. Nxa4 Bc2 17. Bd1) 15. Nxa5 Nxb6 16. Bd2 (16. cxb6
Bb4 17. Kd2 Bg6 18. Nb3 Ne4+) 16... Nbd7 (16... Nc4 17. Bxc4 dxc4 18. O-O Bd3
19. Rfc1 e5 20. Nxb7) 17. O-O Rfb8 18. b4 $16) 14. O-O Rfe8 15. Nb3 Bf8 (15...
exd4 16. exd4 Bc2 17. Na5 Bxc5 18. dxc5 d4 19. Be3 (19. Nxb7 dxc3 20. Bf3 Bd3
21. bxc3 Bxf1 22. Kxf1) 19... dxe3 (19... dxc3 20. bxc3 Nxc5 21. Bxc5 Rxe2 22.
Nxb7) 20. Nxb7) (15... Rab8 16. Na5 $140 exd4 (16... Nxc5 17. dxc5 Bxc5 18. Na4
Bb4 19. Nb3 $16) 17. exd4 Nxc5 18. dxc5 Bxc5 19. Bf4 Bxb6 20. Bxb8 Rxb8 $16)
16. Bd2 $16 (16. Na5 $5 {Notkin,M.} exd4 17. exd4 Nxc5 18. dxc5 d4 19. Nxb7
dxc3 20. Bf3) 16... Bc2 (16... Re7 17. Na5 exd4 18. exd4 Rae8 19. Nxb7 Rxe2 20.
Nxe2 Rxe2 21. Bc3 $16) 17. Na5 exd4 18. exd4 Nxc5 (18... Bxc5 19. dxc5 d4 20.
Bf3 dxc3 21. Bxc3 Be4 $16 (21... Nxc5 22. Rac1 Bd3 23. Bxf6 Bxf1 24. Kxf1 gxf6
25. Rxc5 $16)) 19. dxc5 d4 (19... Bxc5 20. Rfc1) 20. Bf3 $1 dxc3 (20... Bxc5
21. Na4) 21. Bxc3 Ne4 (21... Rab8 22. Bxf6 gxf6 23. Nxb7 $1 Rxb7 24. Bxc6) (
21... Bxc5 22. Bxf6 $1 gxf6 23. Rfc1) (21... Be4 22. Bxf6 (22. Nxb7 Bxf3 23.
gxf3 Rab8 24. Nd6 Bxd6 25. cxd6 Rxb6 $14) 22... gxf6 23. b4 Bxf3 24. gxf3 Re7
25. Rfe1 $18) 22. Rfc1 $18 Bd3 (22... Nxc3 23. Rxc2 Ne4 24. Nxb7 Rab8 25. Bxe4
Rxe4 26. Na5 $18) 23. Nxb7 Rab8 (23... Nxc5 24. Nxc5 Bxc5 25. Bxc6 $18) 24.
Bxe4 Rxe4 (24... Bxe4 25. Nd6 Bxd6 26. cxd6 $18) 25. Rd1 (25. Nd6) 25... Be2 (
25... Rxb7 26. Rxd3 Bxc5 27. Rd8+ Bf8 28. Rxa6) 26. Rd7 Bg4 (26... Re7 27. Rxe7
Bxe7 28. Re1 $1 Rxb7 29. Rxe2 Bxc5 30. Re8+ Bf8 31. Bb4 $18) 27. Rc7 Rc4 (27...
Re7 28. Nd6) 28. Rxa6 h5 (28... Bxc5 29. Nxc5 Rxc5 30. b7 Rb5 31. Ra7 Be6 32.
f4 f6 33. Bd4) 29. Ra7 Be6 30. Rxc6 Bd5 31. Rc7 Re8 32. h3 Rf4 33. Nd6 Re2 34.
f3 Rxg2+ 35. Kxg2 Rxf3 36. Kg1 1-0